| 000 | 01122nam a22002417a 4500 | ||
|---|---|---|---|
| 005 | 20100720151749.0 | ||
| 008 | 100720t xxu||||| |||| 00| 0 eng d | ||
| 010 | _aENG -96436 | ||
| 020 |
_a9780415571418 _c895.00 |
||
| 035 | _aEN -79969 | ||
| 037 | _bDBAD/PUB | ||
| 040 |
_adpl _bEnglish |
||
| 082 | _a355.033054 | ||
| 245 |
_aIndia 's national security : _cedited by Satish kumar _bannual review 2009 / |
||
| 260 |
_aNew Delhi _bRoutledge _c2010 |
||
| 270 |
_a912 Tolstoy House, 15-17 Tolstoy Marg, _bNew Delhi _e110002 |
||
| 300 |
_axviii, 490 p. _c22 cm (Hbk) |
||
| 500 | _aincludes indexes | ||
| 520 | _aCollects stories from boys and girls between the ages of nine and thirteen, discussing such topics as friendship, embarrassing situations, family life, popularity, and making a difference. | ||
| 942 |
_2ddc _cEN _mKUM _h355.033054 |
||
| 999 |
_c37120 _d37120 |
||